000 01128nam a2200181Ia 4500
008 090124s9999 xx 000 0 und d
082 _b129083
100 _aघाणेकर प्रफुल्ल केशव ( प्र.के.)
245 _a कोकणातील पर्यटन ( रत्नागिरी व सिंधुदुर्ग जिल्ह्यातील 100हून अधिक प्रेक्षण
250 _a1
260 _c1997
300 _a223
600 _aघाणेकर प्रफुल्ल केशव ( प्र.के.)
630 _a कोकणातील पर्यटन ( रत्नागिरी व सिंधुदुर्ग जिल्ह्यातील 100हून अधिक प्रेक्षण
700 _aघाणेकर प्रफुल्ल केशव ( प्र.के.)
730 _a कोकणातील पर्यटन ( रत्नागिरी व सिंधुदुर्ग जिल्ह्यातील 100हून अधिक प्रेक्षण
942 _cBOOK
999 _c175172
_d175172